| 000 | 00417nam a22001337a 4500 | ||
|---|---|---|---|
| 008 | 230406b |||||||| |||| 00| 0 eng d | ||
| 040 |
_aNational Science Library _cNational Science Library |
||
| 080 |
_a338.93:677.054 _bJ9;1 |
||
| 245 | _aSurvey of the handloom industry in Karnataka and Sholapur | ||
| 260 |
_aBombay: _bAsia Publishing House, _c1959 |
||
| 300 | _axii, 273p. | ||
| 650 | _aSurvey | ||
| 942 |
_2udc _cREF |
||
| 999 |
_c19453 _d19453 |
||